| 000 | 01876nam a2200277 i 4500 | ||
|---|---|---|---|
| 001 | 184073 | ||
| 003 | ES-MaACL | ||
| 005 | 20251114151652.0 | ||
| 008 | 150304m19251926fr |||| | fre d | ||
| 245 | 0 | 0 |
_aPatrologia orientalis. _nTomus decimus nonus / _c[édité par] R. Graffin et F. Nau. |
| 260 |
_aParis : _bFirmin-Didot et cie, éditeurs, _c1925-1926. |
||
| 300 |
_a741 p. ; _c28 cm. |
||
| 505 | 8 | _aContiene: Le synaxaire arménien de Ter Israël. VI, Mois de Aratz / publié et traduit par le Dr. G. Bayan. - 1925 ; Fasc. 1 John of Ephesus : lives of the eastern Saints. III / syriac text edited and translated by E. W. Brooks. - 1925 ; Fasc. 2 Homélies mariales byzantines. II, VIII. Théodote d'Ancyre. - IX. Chrysippe, prêtre de Jérusalem. - X. S. Jean, Archevêque de Thessalonique. - XI. S. Euthyme, Patriarche de Constantinople. - XII. Nicolas Cabasilas. - XIII. Georges Scholarios / textes grecs édités et traduits en latin par Martin Jugie,.... - 1925 ; Fasc. 3 Logia et Agrapha Domini Jesu apud moslemicos scriptores, asceticos praesertim, usitata. Fasciculus II / collegit, vertit, notis instruxit Michaël Asin et Palacios. - 1926 ; Fasc. 4 Le synaxaire géorgien : rédaction ancienne de l'Union arméno-géorgienne / publié et traduit d'après le manuscrit du couvent Iviron du Mont Athos par N. Marr. - 1926 | |
| 650 |
_aPatrística. _915895 |
||
| 650 | 0 | 7 |
_aLiteratura cristiana primitiva _2embne _914529 |
| 700 | 1 |
_aTer Israël. _9156173 |
|
| 700 | 1 |
_aBayan, George. _9156174 |
|
| 700 | 1 |
_aBrooks, Ernest Walter, _d1863-1955 _9156178 |
|
| 700 | 1 |
_aJugie, Martin, _d1878-1954 _9156469 |
|
| 700 | 0 |
_aAsín Palacios, Miguel. _923614 |
|
| 700 | 1 |
_aMarr, Nikolaï Iakovlevich. _9156472 |
|
| 700 | 1 |
_aGraffin, René, _d1858-1941 _9156163 |
|
| 700 | 1 |
_aNau, François. _985006 |
|
| 852 |
_aES-MaACL _jG-708 |
||
| 999 |
_c184073 _d184073 |
||